000 00392nam a2200157Ia 4500
008 210716s2005 xx 000 0 und d
020 _a9788173196409
041 _aeng
082 _a574.80285 IGNS
100 _aIgnacimuthu, S.
245 _aBasic bioinformatics.
250 _a1
260 _aNew Delhi
_bNarosa Publishing House
_c2005
300 _axiii,190
650 _aBioinformatics
999 _c188867
_d188867